Starting out with C++ : From control structures through objects (Record no. 71346)

000 -LEADER
fixed length control field 00695nam a22002057a 4500
003 - CONTROL NUMBER IDENTIFIER
control field NUST - PNEC
005 - DATE AND TIME OF LATEST TRANSACTION
control field 20170116181159.0
008 - FIXED-LENGTH DATA ELEMENTS--GENERAL INFORMATION
fixed length control field 160201b xxu||||| |||| 00| 0 eng d
020 ## - INTERNATIONAL STANDARD BOOK NUMBER
International Standard Book Number 9789332536661
040 ## - CATALOGING SOURCE
Transcribing agency LIBRARY
082 ## - DEWEY DECIMAL CLASSIFICATION NUMBER
Classification number 005.133 GAD
100 ## - MAIN ENTRY--PERSONAL NAME
9 (RLIN) 16184
Personal name Gaddis, Tony
245 ## - TITLE STATEMENT
Title Starting out with C++ : From control structures through objects
Statement of responsibility, etc. Tony Gaddis
250 ## - EDITION STATEMENT
Edition statement 7th ed.
260 ## - PUBLICATION, DISTRIBUTION, ETC.
Place of publication, distribution, etc. New Delhi
Name of publisher, distributor, etc. Pearson Education
Date of publication, distribution, etc. c.2014
300 ## - PHYSICAL DESCRIPTION
Extent 1133 p.
650 ## - SUBJECT ADDED ENTRY--TOPICAL TERM
9 (RLIN) 16183
Topical term or geographic name entry element Computer programming
General subdivision Computer, MIS
856 ## - ELECTRONIC LOCATION AND ACCESS
Uniform Resource Identifier <a href="http://www.amazon.com/Starting-Out-c-Gaddish/dp/933253666X/ref=sr_1_1?ie=UTF8&qid=1454306063&sr=8-1&keywords=9789332536661">http://www.amazon.com/Starting-Out-c-Gaddish/dp/933253666X/ref=sr_1_1?ie=UTF8&qid=1454306063&sr=8-1&keywords=9789332536661</a>
942 ## - ADDED ENTRY ELEMENTS (KOHA)
Source of classification or shelving scheme
Koha item type Book
Holdings
Withdrawn status Lost status Source of classification or shelving scheme Materials specified (bound volume or other part) Damaged status Not for loan Permanent Location Current Location Shelving location Date acquired Source of acquisition Cost, normal purchase price Total Checkouts Full call number Barcode Date last seen Date last checked out Cost, replacement price Price effective from Koha item type
      paperback     Pakistan Navy Engineering College (PNEC) Pakistan Navy Engineering College (PNEC)   04/12/2015 Citizen Book Shop / Library Grant 976.00 2 005.133 GAD PNECLIB-032441 11/21/2016 11/03/2016 976.00 04/12/2015 Book
© 2023 Central Library, National University of Sciences and Technology. All Rights Reserved.